Machine Learning: Algorithms and Applications / (Record no. 588701)
[ view plain ]
| 000 -LEADER | |
|---|---|
| fixed length control field | 01083nam a2200205 4500 |
| 003 - CONTROL NUMBER IDENTIFIER | |
| control field | NUST |
| 005 - DATE AND TIME OF LATEST TRANSACTION | |
| control field | 20220309143544.0 |
| 008 - FIXED-LENGTH DATA ELEMENTS--GENERAL INFORMATION | |
| fixed length control field | 220309b ||||| |||| 00| 0 eng d |
| 020 ## - INTERNATIONAL STANDARD BOOK NUMBER | |
| International Standard Book Number | 9781498705387 |
| 022 ## - INTERNATIONAL STANDARD SERIAL NUMBER | |
| Source | 9781498705387 |
| 038 ## - RECORD CONTENT LICENSOR | |
| Staff Name | SAIF |
| 040 ## - CATALOGING SOURCE | |
| Original cataloging agency | DLC |
| 082 ## - DEWEY DECIMAL CLASSIFICATION NUMBER | |
| Classification number | 006.312 |
| Author Mark | MOH |
| 245 ## - TITLE STATEMENT | |
| Title | Machine Learning: Algorithms and Applications / |
| Remainder of title | Mohssen Mohammed, Muhammad Badruddin Khan, Eihab Bashier Mohammed Bashier |
| 250 ## - EDITION STATEMENT | |
| Edition statement | 1st Edition |
| 260 ## - PUBLICATION, DISTRIBUTION, ETC. | |
| Linkage | CRC Press |
| Date of publication, distribution, etc. | 2017 |
| 500 ## - GENERAL NOTE | |
| General note | Machine learning, one of the top emerging sciences, has an extremely broad range of applications. However, many books on the subject provide only a theoretical approach, making it difficult for a newcomer to grasp the subject material. This book provides a more practical approach by explaining the concepts of machine learning algorithms and describing the areas of application for each algorithm, using simple practical examples to demonstrate each algorithm and showing how different issues related to these algorithms are applied. |
| 563 ## - BINDING INFORMATION | |
| Binding note | H.B |
| 942 ## - ADDED ENTRY ELEMENTS (KOHA) | |
| Source of classification or shelving scheme | |
| Koha item type | Book Bank |
| Withdrawn status | Lost status | Source of classification or shelving scheme | Damaged status | Not for loan | Permanent Location | Current Location | Date acquired | Total Checkouts | Full call number | Barcode | Checked out | Date last seen | Date last checked out | Price effective from | Koha item type |
|---|---|---|---|---|---|---|---|---|---|---|---|---|---|---|---|
| School of Civil and Environmental Engineering (SCEE) | School of Civil and Environmental Engineering (SCEE) | 03/09/2022 | 1 | 006.312 MOH | NIT-13556 | 08/18/2023 | 04/20/2023 | 04/20/2023 | 03/09/2022 | Book Bank |
